Top 100 Footballers of 2020 - Statistics

General Stats
  • This quiz has been taken 87 times
  • The average score is 69 of 100
Answer Stats
Rank Club Nation Player % Correct
#2 Juventus Portugal Cristiano Ronaldo
100%
#4 PSG Brazil Neymar
100%
#8 FC Barcelona Argentina Lionel Messi
99%
#3 Manchester City Belgium Kevin De Bruyne
97%
#1 Bayern Munich Poland Robert Lewandowski
97%
#15 Tottenham Hotspur England Harry Kane
94%
#11 PSG France Kylian Mbappe
94%
#12 Liverpool Egypt Mohamed Salah
94%
#5 Real Madrid Spain Sergio Ramos
93%
#9 Borussia Dortmund Norway Erling Haaland
91%
#17 Liverpool Senegal Sadio Mane
91%
#14 Bayern Munich Germany Thomas Muller
91%
#7 Liverpool Netherlands Virgil Van Dijk
91%
#27 Tottenham Hotspur South Korea Heung-Min Son
90%
#6 Bayern Munich Germany Manuel Neuer
90%
#18 Real Madrid France Karim Benzema
88%
#29 Liverpool Scotland Andrew Robertson
87%
#19 Manchester United Portugal Bruno Fernandes
87%
#28 AC Milan Sweden Zlatan Ibrahimovic
87%
#16 Bayern Munich Canada Alphonso Davies
85%
#39 Leicester City England Jamie Vardy
85%
#53 Arsenal Gabon Pierre-Emerick Aubameyang
85%
#33 Manchester City England Raheem Sterling
85%
#26 Inter Milan Belgium Romelu Lukaku
85%
#10 Bayern Munich/Liverpool Spain Thiago Alcantara
85%
#30 Liverpool England Jordan Henderson
84%
#38 PSG/Chelsea Brazil Thiago Silva
84%
#21 Liverpool England Trent Alexander-Arnold
84%
#25 Liverpool Brazil Alisson
82%
#35 PSG Argentina Angel Di Maria
82%
#24 Bayern Munich Austria David Alaba
82%
#46 Real Madrid Germany Toni Kroos
82%
#23 Lazio Italy Ciro Immobile
81%
#36 Borussia Dortmund England Jadon Sancho
81%
#13 Bayern Munich Germany Joshua Kimmich
81%
#34 RB Leipzig/Chelsea Germany Timo Werner
81%
#22 Atletico Madrid Slovenia Jan Oblak
79%
#43 PSG Costa Rica Keylor Navas
79%
#20 Bayern Munich Germany Serge Gnabry
79%
#95 Sevilla FC Spain Jesus Navas
78%
#41 Juventus Argentina Paulo Dybala
78%
#71 Manchester City Algeria Riyad Mahrez
78%
#87 Liverpool Brazil Roberto Firmino
78%
#40 Real Madrid Belgium Thibaut Courtois
76%
#63 Wolves/Liverpool Portugal Diogo Jota
74%
#44 Liverpool Brazil Fabinho
74%
#57 Aston Villa England Jack Grealish
74%
#75 Real Madrid Croatia Luka Modric
74%
#67 Chelsea France N'Golo Kante
74%
#37 Manchester City Brazil Ederson
72%
#82 FC Barcelona/Atletico Madrid Uruguay Luis Suarez
72%
#47 PSG Brazil Marquinhos
72%
#60 Bayer Leverkusen/Chelsea Germany Kai Havertz
71%
#51 FC Barcelona Germany Marc-Andre Ter Stegen
71%
#50 Atletico Madrid Portugal Joao Felix
69%
#54 Napoli Senegal Kalidou Koulibaly
69%
#58 Manchester United England Marcus Rashford
69%
#72 Manchester City Argentina Sergio Aguero
69%
#45 Bayern Munich France Kingsley Coman
68%
#62 Olympique Lyon Netherlands Memphis Depay
68%
#64 Liverpool Netherlands Georginio Wijnaldum
66%
#42 Inter Milan Argentina Lautaro Martinez
66%
#31 Atalanta Argentina Alejandro Gomez
65%
#80 Ajax/Chelsea Morocco Hakim Ziyech
65%
#86 FC Barcelona Netherlands Frenkie De Jong
63%
#32 Bayern Munich Germany Leon Goretzka
63%
#68 Borussia Dortmund/Inter Milan Morocco Achraf Hakimi
62%
#70 Real Madrid Brazil Casemiro
62%
#81 Juventus Netherlands Matthijs De Ligt
62%
#56 Real Madrid Uruguay Federico Valverde
59%
#66 Borussia Dortmund Germany Mats Hummels
59%
#74 Atletico Madrid/Juventus Spain Alvaro Morata
57%
#96 Borussia Dortmund Germany Marco Reus
57%
#52 RB Leipzig France Dayot Upamecano
56%
#91 Manchester City England Kyle Walker
56%
#88 Bayern Munich/FC Barcelona Brazil Philippe Coutinho
56%
#93 Wolves Mexico Raul Jimenez
56%
#89 Real Sociedad/Real Madrid Norway Martin Odegaard
53%
#79 Bayern Munich Germany Jerome Boateng
51%
#55 Atalanta Slovenia Josip Ilicic
51%
#49 RB Leipzig Austria Marcel Sabitzer
51%
#69 Atalanta Colombia Duvan Zapata
50%
#100 FC Barcelona France Antoine Griezmann
49%
#61 Everton England Dominic Calvert-Lewin
49%
#77 AS Monaco France Wissam Ben Yedder
47%
#48 FC Barcelona Spain Ansu Fati
46%
#73 Olympique Lyon France Houssem Aouar
44%
#76 PSG France Presnel Kimpembe
43%
#99 Leicester City Portugal Ricardo Pereira
41%
#78 Lazio Spain Luis Alberto
40%
#84 Parma/Juventus Sweden Dejan Kulusevski
37%
#98 RB Salzburg Hungary Dominik Szoboszlai
35%
#94 LOSC Lille Portugal Renato Sanches
35%
#92 Stade Rennes France Eduardo Camavinga
34%
#59 Sevilla FC Argentina Lucas Ocampos
32%
#85 Eintracht Frankfurt Serbia Filip Kostic
28%
#83 Chelsea France Kurt Zouma
25%
#90 Atletico Madrid Spain Marcos Llorente
25%
#97 Rangers England James Tavernier
24%
#65 Real Sociedad Spain Mikel Merino
18%
No matching quizzes found
Score Distribution
Percent of People with Each Score
Percentile by Number Answered
Your Score History
You have not taken this quiz